[Event "Euskadi-ch Seniors 29th"]
[Site "Zarautz"]
[Date "2019.06.23"]
[Round "6"]
[White "Vinal Gutierrez, Pedro"]
[Black "Veiga Ramil, Jesus Angel"]
[Result "1-0"]
[WhiteElo "2026"]
[BlackElo "1726"]
[PlyCount "32"]
[EventDate "2019.06.22"]
[EventType "swiss"]
[EventRounds "6"]
[EventCountry "ESP"]
[SourceTitle "CBM 192 Extra"]
[Source "Chessbase"]
[SourceDate "2019.11.06"]
[SourceVersion "1"]
[SourceVersionDate "2019.11.06"]
[SourceQuality "1"]

1. d4 Nf6 2. Bf4 g6 3. e3 Bg7 4. Nf3 d6 5. h3 0-0 6. Be2 c5 7. c3 cxd4 8. cxd4 Qa5+ 9. Qd2 Qxd2+ 10. Nbxd2 Nd5 11. Bg5 Re8 12. Rc1 h6 13. Bh4 Nc6 14. 0-0 e5 15. dxe5 dxe5 16. e4 f5 1-0

[Event "Euskadi-ch Seniors 29th"]
[Site "Zarautz"]
[Date "2019.06.22"]
[Round "3"]
[White "Martin Molinero, Martin"]
[Black "Veiga Ramil, Jesus Angel"]
[Result "1/2-1/2"]
[WhiteElo "1987"]
[BlackElo "1726"]
[PlyCount "22"]
[EventDate "2019.06.22"]
[EventType "swiss"]
[EventRounds "6"]
[EventCountry "ESP"]
[SourceTitle "CBM 192 Extra"]
[Source "Chessbase"]
[SourceDate "2019.11.06"]
[SourceVersion "1"]
[SourceVersionDate "2019.11.06"]
[SourceQuality "1"]

1. Nf3 Nf6 2. d4 e6 3. c4 b6 4. Nc3 Bb7 5. Bg5 d5 6. e3 Be7 7. Be2 0-0 8. 0-0 Nbd7 9. h3 h6 10. Bh4 dxc4 11. Bxc4 Nd5 1/2-1/2

[Event "Euskadi-ch Seniors 29th"]
[Site "Zarautz"]
[Date "2019.06.22"]
[Round "2"]
[White "Veiga Ramil, Jesus Angel"]
[Black "Goti Cordon, Luis Pedro"]
[Result "1-0"]
[WhiteElo "1726"]
[BlackElo "1243"]
[PlyCount "75"]
[EventDate "2019.06.22"]
[EventType "swiss"]
[EventRounds "6"]
[EventCountry "ESP"]
[SourceTitle "CBM 192 Extra"]
[Source "Chessbase"]
[SourceDate "2019.11.06"]
[SourceVersion "1"]
[SourceVersionDate "2019.11.06"]
[SourceQuality "1"]

1. d4 b6 2. c4 Bb7 3. Nc3 e6 4. e4 Bb4 5. Bd3 Bxc3+ 6. bxc3 f5 7. d5 fxe4 8. Bxe4 Nf6 9. Bg5 0-0 10. Qd3 Qe8 11. Bxf6 Rxf6 12. Bxh7+ Kh8 13. Be4 d6 14. Ne2 exd5 15. cxd5 Nd7 16. Qd4 Ne5 17. 0-0 Ba6 18. Rfe1 Qh5 19. Ng3 Qf7 20. f3 Rf4 21. Rac1 Bd3 22. Re3 Bxe4 23. Rxe4 Rxf3 24. Rxe5 dxe5 25. Qh4+ Kg8 26. gxf3 Qxf3 27. Qe4 Qf6 28. Rf1 Qd6 29. Qf3 Qc5+ 30. Kg2 Rd8 31. Qf7+ Kh8 32. Qh5+ Kg8 33. Qxe5 Qa3 34. Qe6+ Kh8 35. Rf4 Qxa2+ 36. Kh3 g5 37. Qh6+ Kg8 38. Qxg5+ 1-0

[Event "Euskadi-ch"]
[Site "Pamplona"]
[Date "2018.04.08"]
[Round "7"]
[White "Sola Plaza, Gregorio"]
[Black "Veiga Ramil, Jesus Angel"]
[Result "1-0"]
[WhiteElo "1804"]
[BlackElo "1751"]
[PlyCount "95"]
[EventDate "2018.04.02"]
[EventType "swiss"]
[EventRounds "7"]
[EventCountry "ESP"]
[SourceTitle "EXT 2021"]
[Source "ChessBase"]
[SourceDate "2020.10.23"]
[SourceVersion "1"]
[SourceVersionDate "2020.10.23"]
[SourceQuality "1"]

1. c4 Nf6 2. Nc3 e5 3. Nf3 Nc6 4. e3 d6 5. d4 Bg4 6. Be2 Be7 7. d5 Nb8 8. e4 0-0 9. Be3 c6 10. 0-0 Nbd7 11. Nd2 Bxe2 12. Qxe2 a6 13. Rfd1 cxd5 14. cxd5 Rc8 15. Rac1 Re8 16. Rc2 Nc5 17. Rdc1 b5 18. b4 Ncd7 19. a4 bxa4 20. Qxa6 Ra8 21. Qc6 Qb8 22. Nb5 Rd8 23. Nc7 Ra7 24. Bxa7 Qxa7 25. Qa6 Qd4 26. Qc4 Qa7 27. Nb5 Qa6 28. Na3 Qb6 29. h3 Rb8 30. Rb1 g6 31. Qd3 Nh5 32. g3 Rf8 33. Rc6 Qd8 34. Rbc1 Nb8 35. Rc8 Qb6 36. Rxf8+ Bxf8 37. b5 Nd7 38. Rc6 Qd8 39. Ndc4 Nc5 40. Qf3 Nf6 41. Nxe5 Ncxe4 42. Ng4 Nxg4 43. Qxe4 Ne5 44. Ra6 Qg5 45. Rxa4 Qc1+ 46. Kg2 f5 47. Qc2 Qg5 48. f4 1-0

[Event "Euskadi-ch"]
[Site "Pamplona"]
[Date "2018.04.06"]
[Round "5"]
[White "Veiga Ramil, Jesus Angel"]
[Black "Ruiz Escobar, Rafael"]
[Result "0-1"]
[WhiteElo "1751"]
[BlackElo "1873"]
[PlyCount "61"]
[EventDate "2018.04.02"]
[EventType "swiss"]
[EventRounds "7"]
[EventCountry "ESP"]
[SourceTitle "EXT 2021"]
[Source "ChessBase"]
[SourceDate "2020.10.23"]
[SourceVersion "1"]
[SourceVersionDate "2020.10.23"]
[SourceQuality "1"]

1. Nf3 Nf6 2. b3 d6 3. Bb2 e5 4. e3 Be7 5. d4 e4 6. Nfd2 d5 7. c4 c6 8. Be2 0-0 9. Nc3 Be6 10. Rc1 a6 11. 0-0 Ne8 12. c5 f5 13. a4 Nd7 14. b4 f4 15. Bg4 Bxg4 16. Qxg4 Bg5 17. Rfe1 fxe3 18. fxe3 Qe7 19. Nb3 Qf6 20. Qxd7 Bxe3+ 21. Kh1 Bxc1 22. Ne2 Bxb2 23. Qxb7 Rd8 24. Qb6 Rd7 25. Rb1 Rdf7 26. Qxa6 Nc7 27. Qb6 Bxd4 28. Nbxd4 Qxd4 29. Rg1 Qf2 30. Ng3 h5 31. Nxh5 0-1

[Event "Euskadi-ch"]
[Site "Pamplona"]
[Date "2018.04.05"]
[Round "4"]
[White "Montoya Irigoyen, Inigo"]
[Black "Veiga Ramil, Jesus Angel"]
[Result "1-0"]
[WhiteElo "2072"]
[BlackElo "1751"]
[PlyCount "61"]
[EventDate "2018.04.02"]
[EventType "swiss"]
[EventRounds "7"]
[EventCountry "ESP"]
[SourceTitle "EXT 2021"]
[Source "ChessBase"]
[SourceDate "2020.10.23"]
[SourceVersion "1"]
[SourceVersionDate "2020.10.23"]
[SourceQuality "1"]

1. c4 Nf6 2. Nc3 e5 3. Nf3 Nc6 4. e3 d6 5. d4 Bg4 6. d5 Ne7 7. h3 Bh5 8. e4 h6 9. Be3 c6 10. Qa4 Qc7 11. 0-0-0 Nd7 12. c5 Bxf3 13. gxf3 cxd5 14. Nb5 Qc6 15. Nxd6+ Kd8 16. Bb5 Nxc5 17. Bxc6 Nxa4 18. Bxa4 Kc7 19. Nxf7 Rg8 20. exd5 Nf5 21. Kb1 Nxe3 22. fxe3 Kb6 23. d6 Ka5 24. Rd5+ Kxa4 25. b3+ Kb4 26. Rc1 b5 27. Nxe5 Bxd6 28. Nc6+ Ka3 29. Rxd6 Rgf8 30. Nd4 Kb4 31. Ra6 1-0

[Event "Euskadi-ch"]
[Site "Pamplona"]
[Date "2018.04.04"]
[Round "3"]
[White "Veiga Ramil, Jesus Angel"]
[Black "Nogues Fernandez, Ramon"]
[Result "1-0"]
[WhiteElo "1751"]
[BlackElo "2003"]
[PlyCount "73"]
[EventDate "2018.04.02"]
[EventType "swiss"]
[EventRounds "7"]
[EventCountry "ESP"]
[SourceTitle "EXT 2021"]
[Source "ChessBase"]
[SourceDate "2020.10.23"]
[SourceVersion "1"]
[SourceVersionDate "2020.10.23"]
[SourceQuality "1"]

1. Nf3 Nf6 2. b3 g6 3. Bb2 Bg7 4. e3 d6 5. d4 Nbd7 6. Bd3 0-0 7. 0-0 Re8 8. Nbd2 e5 9. dxe5 dxe5 10. Bc4 h6 11. b4 Nh7 12. Ne4 Qe7 13. Qd2 Ng5 14. Nfxg5 hxg5 15. Bb3 Nf8 16. Rfd1 g4 17. Nc5 Rb8 18. a4 Qh4 19. Qd5 Ne6 20. Qc4 Qe7 21. Nd3 Ng5 22. Nc5 Bf6 23. Qd3 Kg7 24. e4 Rh8 25. Qe3 Rh5 26. Nd3 Ne6 27. Qxa7 Qf8 28. Qxb8 Qh8 29. Bxe6 Rxh2 30. Kf1 Qh5 31. Qxc8 g3 32. Bg4 Qh4 33. Bh3 Rh1+ 34. Ke2 Qxe4+ 35. Kd2 Bg5+ 36. Kc3 Qd4+ 37. Kb3 1-0